| 000 | 00807nam a2200181Ia 4500 | ||
|---|---|---|---|
| 008 | 100920s9999 xx 000 0 und d | ||
| 082 |
_b103317 _a891.43 न 08 |
||
| 100 | _aलल्ला योगेन्द्रकुमार. | ||
| 245 | _aहिंदी लेखिकाओं की श्रेष्ठ कहानियाँ. | ||
| 260 |
_bसाक्षरता पुस्तक केंद्र ,दिल्ली. _c2008 |
||
| 300 |
_a216 _bसाधी |
||
| 365 | _b300 | ||
| 520 | _aहिंदी. | ||
| 630 | _aहिंदी लेखिकाओं की श्रेष्ठ कहानियाँ. | ||
| 650 | _aहिंदी. | ||
| 730 | _aहिंदी लेखिकाओं की श्रेष्ठ कहानियाँ. | ||
| 942 | _cBOOK | ||
| 999 |
_c743749 _d743746 |
||